000
00309 a2200109 4500
001
ART_46791
005
20260410162000.0
008
260409a
245
1
0
_a
El despertar árabe
100
1
_a
Molteni, Atilio
773
0
_t
Archivos del presente
_g
- Año 16, Nº 57/58 (ene. 2012)
_w
REV28180
999
_c
31177
_d
31177